[Event "4th 4NCL Easter Congress"]
[Site "Holiday Inn Peterborough - West"]
[Date "2024.03.29"]
[Round "1"]
[Board "2"]
[White "Fisher, Neal"]
[Black "Dargue, Peter W"]
[Result "1/2-1/2"]
[WhiteElo "1694"]
[BlackElo "1584"]
[PlyCount "0"]
[EventDate "2024.03.29"]
[EventRounds "7"]
[EventCountry "ENG"]

1. d4 Nf6 2. Nf3 d5 3. Bf4 c5 4. e3 Nc6 5. c3 e6 6. Nbd2 Bd6 7. Ne5 Qc7 8. Ndf3 Nd7
9. Nd3 c4 10. Bxd6 Qxd6 11. Nf4 O-O 12. Qc2 e5 13. dxe5 Ndxe5 14. O-O-O Be6 15. Ng5
Ng6 16. h4 Qe5 17. Nfxe6 fxe6 18. g3 Qf5 19. f4 Qxc2+ 20. Kxc2 Rfe8 21. Bh3 Nf8 22.
Rhf1 h6 23. Nf3 Rad8 24. g4 Kf7 25. h5 g6 26. Ne5+ Nxe5 27. fxe5+ Kg7 28. Rf2 Nd7
29. hxg6 Nxe5 30. Rdf1 Rf8 31. g5 Rxf2+ 32. Rxf2 Re8 33. gxh6+ Kxh6 34. Rf6 Nxg6
35. Rf7 Re7 36. Rxe7 Nxe7 37. Bxe6 Kg6 38. Bh3 Kf6 39. b3 b5 40. Bg2 Nf5 41. Kd2
Ke5 42. bxc4 bxc4 43. Bh3 Ke4 44. Bg2+ Ke5 45. Ke2 Ng3+ 46. Kd2 a5 47. Kc2 Nf5 48.
Kd2  1/2-1/2

[Event "4th 4NCL Easter Congress"]
[Site "Holiday Inn Peterborough - West"]
[Date "2024.03.29"]
[Round "1"]
[Board "3"]
[White "RoyChowdhury, Aashita"]
[Black "Homer, Neil S"]
[Result "0-1"]
[WhiteElo "1579"]
[BlackElo "1693"]
[PlyCount "0"]
[EventDate "2024.03.29"]
[EventRounds "7"]
[EventCountry "ENG"]

1. e4 c6 2. Nf3 d5 3. exd5 cxd5 4. d4 Nf6 5. Bf4 Nc6 6. c3 Bg4 7. Bd3 e6 8. Nbd2
Bd6 9. Bg3 O-O 10. O-O Bxg3 11. hxg3 Rc8 12. Qb3 Bxf3 13. Nxf3 Qc7 14. Rfe1 h5 15.
a3 g6 16. Qc2 Kg7 17. Qd2 Ne7 18. Ng5 Qd6 19. Re2 Rce8 20. Rae1 Nf5 21. Bxf5 exf5
22. Nf3 Ne4 23. Qd3 Re6 24. Nd2 Rfe8 25. Nxe4 fxe4 26. Qb5 R8e7 27. Qb3 Qc6 28. Re3
f5 29. Qd1 Qc7 30. Qd2 Rf6 31. Rd1 Ref7 32. Kf1 f4 33. gxf4 Qxf4 34. f3 exf3 35.
Rxf3 Qxd2 36. Rxd2 Rxf3+ 37. gxf3 Rxf3+ 38. Rf2 Rxf2+ 39. Kxf2 Kf6 40. a4 a6 41.
a5 Ke6 42. b3 Kd6 43. c4 Kc6 44. Kf3 g5 45. Kg3 dxc4 46. bxc4 b6 47. d5+ Kc5 48.
axb6 Kxb6 49. d6 Kc6 50. c5 a5 51. Kf3 a4 52. Ke4 a3 53. Kf5 a2 54. Ke6 a1=Q 55.
Ke7 Qa7+ 56. Ke6 Qd7 57. Kf6 g4 58. Kg5 g3 59. Kxh5 Qg7 60. Kh4 g2 61. d7 Kxd7 62.
c6+ Kxc6 63. Kh3 g1=R 64. Kh2 Qg2#  0-1

[Event "4th 4NCL Easter Congress"]
[Site "Holiday Inn Peterborough - West"]
[Date "2024.03.29"]
[Round "1"]
[Board "4"]
[White "Stokes, Richard"]
[Black "Kilambi, Aahna"]
[Result "0-1"]
[WhiteElo "1690"]
[BlackElo "1571"]
[PlyCount "0"]
[EventDate "2024.03.29"]
[EventRounds "7"]
[EventCountry "ENG"]

1. e4 e6 2. d4 d5 3. e5 c5 4. c3 Bd7 5. Qg4 cxd4 6. cxd4 Ne7 7. Nf3 Nf5 8. Nc3 Be7
9. Bd3 O-O 10. Nxd5 exd5 11. Bxf5 Bxf5 12. Qxf5 Bb4+ 13. Bd2 Bxd2+ 14. Nxd2 Nc6 15.
Nb3 Qb6 16. Rd1 a5 17. O-O a4 18. Nc5 Qxb2 19. Nd7 Rfd8 20. Qg4 Qc2 21. Nf6+ Kh8
22. Nh5 Qg6 23. Qh3 Ne7 24. Rd3 Nf5 25. Rf3 Nxd4 26. Rg3 Ne2+ 27. Kh1 Nxg3+ 28. fxg3
d4 29. Nf4 Qh6 30. Qf5 g6 31. e6 gxf5  0-1

[Event "4th 4NCL Easter Congress"]
[Site "Holiday Inn Peterborough - West"]
[Date "2024.03.29"]
[Round "1"]
[Board "5"]
[White "Goldsmith, Jennifer"]
[Black "Carpenter, David J"]
[Result "1/2-1/2"]
[WhiteElo "1561"]
[BlackElo "1686"]
[PlyCount "0"]
[EventDate "2024.03.29"]
[EventRounds "7"]
[EventCountry "ENG"]

1. c4 g6 2. Nc3 Bg7 3. g3 c6 4. Bg2 d6 5. e4 Nd7 6. Nge2 Ngf6 7. d4 O-O 8. O-O a6
9. h3 e5 10. a4 Rb8 11. Be3 Re8 12. Rb1 Qc7 13. b4 b6 14. d5 c5 15. b5 a5 16. Kh2
h5 17. Qd2 Nf8 18. Bh6 N6h7 19. Bxg7 Kxg7 20. h4 Qe7 21. f3 Bd7  1/2-1/2

[Event "4th 4NCL Easter Congress"]
[Site "Holiday Inn Peterborough - West"]
[Date "2024.03.29"]
[Round "1"]
[Board "6"]
[White "Gilbert, David J"]
[Black "Sahoo, Shivam"]
[Result "0-1"]
[WhiteElo "1683"]
[BlackElo "1553"]
[PlyCount "0"]
[EventDate "2024.03.29"]
[EventRounds "7"]
[EventCountry "ENG"]

1. c4 Nf6 2. Nc3 e6 3. e4 d5 4. e5 Nfd7 5. d4 c5 6. cxd5 exd5 7. Nf3 Nb6 8. Bb5+
Nc6 9. O-O Be6 10. Bg5 Qc7 11. Be3 c4 12. Rc1 a6 13. Bxc6+ Qxc6 14. b3 Ba3 15. Rb1
Bf5 16. Bc1 Bb4 17. Bb2 Bxc3 18. Bxc3 Bxb1 19. Qxb1 a5 20. e6 f6 21. Bb2 O-O-O 22.
Qf5 Rde8 23. Re1 Qd6 24. Bc1 Qe7 25. Bd2 g6 26. Qc2 Qa3 27. Re3 Qd6 28. Bxa5 Rxe6
29. Bb4 Qc6 30. Rxe6 Qxe6 31. Bc5 Re8 32. Qd2 Qe2 33. Qxe2 Rxe2 34. Bxb6 c3 35. Bc5
Rxa2 36. Bd6 Ra1+  0-1

[Event "4th 4NCL Easter Congress"]
[Site "Holiday Inn Peterborough - West"]
[Date "2024.03.29"]
[Round "1"]
[Board "7"]
[White "Butler, Rene"]
[Black "Ramsey, David"]
[Result "1/2-1/2"]
[WhiteElo "1524"]
[BlackElo "1682"]
[PlyCount "0"]
[EventDate "2024.03.29"]
[EventRounds "7"]
[EventCountry "ENG"]

1. b4 Nf6 2. a3 g6 3. Bb2 Bg7 4. Nf3 d6 5. e3 Nbd7 6. Be2 b6 7. O-O Bb7 8. c4 c5
9. b5 O-O 10. Nc3 e6 11. d3 Qc7 12. Qd2 d5 13. cxd5 exd5 14. Rfc1 Rfe8 15. h3 Rad8
16. d4 c4 17. Nh2 Re7 18. Ng4 Nxg4 19. Bxg4 f5 20. Bf3 Nf6 21. a4 Rde8 22. Ba3 Re6
23. Qb2 Bf8 24. Bxf8 Rxf8 25. Ne2 Ne4 26. Nf4 Ref6 27. h4 h5 28. Bxe4 fxe4 29. Qe2
Qd7 30. Rcb1 Qd8 31. Qc2  1/2-1/2

[Event "4th 4NCL Easter Congress"]
[Site "Holiday Inn Peterborough - West"]
[Date "2024.03.29"]
[Round "1"]
[Board "8"]
[White "Jerome, Stellio"]
[Black "Neville, Andy"]
[Result "0-1"]
[WhiteElo "1674"]
[BlackElo "1503"]
[PlyCount "0"]
[EventDate "2024.03.29"]
[EventRounds "7"]
[EventCountry "ENG"]

1. f4 d6 2. Nf3 Nf6 3. e3 Nc6 4. Nc3 Bf5 5. Bb5 e6 6. O-O Be7 7. d3 O-O 8. Qe1 Nb4
9. Ba4 c6 10. Bb3 e5 11. e4 Be6 12. Qe2 Ng4 13. h3 Nf6 14. fxe5 dxe5 15. Be3 Nd7
16. Bxe6 fxe6 17. a3 Na6 18. Nd2 Bg5 19. Rxf8+ Nxf8 20. Nf3 Bf4 21. Rf1 Ng6 22. Qf2
Bxe3 23. Qxe3 Qb6 24. Qxb6 axb6 25. Ng5 Nc7 26. Nf7 Nf4 27. Nxe5 Rf8 28. Nd7 Rf7
29. Nxb6 Nb5 30. Nba4 Nd4 31. Rf2 g5 32. Nb6 e5 33. Nc4 g4 34. Nxe5 g3 35. Rd2 Rf8
36. Ng4 Nxh3+ 37. gxh3 Nf3+ 38. Kg2 Nxd2 39. Kxg3 Kg7 40. Ne3 Rf3+ 41. Kg2 Rxe3 42.
h4 Kg6 43. Kf2 Rh3 44. Ke2 Nf3 45. Na4 Nxh4 46. Nc5 Kf6 47. d4 Ng6 48. Nxb7 Nf4+
49. Kd2 h5 50. c4 Rg3 51. e5+ Ke7 52. Nd6 Ke6 53. Ne4 Rg2+ 54. Ke3 Ng6 55. b4 h4
56. Kf3 Rg1 57. Kf2 Ra1 58. Nc5+ Ke7 59. a4 Ra3 60. a5 h3 61. Kg1 Ra2 62. a6 Nf4
63. b5 cxb5 64. cxb5 Nd5 65. Ne4 Nb6 66. Nc3 Ra3 67. Ne2 Ke6 68. Kh2 Ra2 69. Kxh3
Rxe2 70. Kg3 Rd2 71. Kf3 Rxd4 72. Ke3 Rd5  0-1

[Event "4th 4NCL Easter Congress"]
[Site "Holiday Inn Peterborough - West"]
[Date "2024.03.29"]
[Round "1"]
[Board "9"]
[White "Vu, Viet"]
[Black "Hristov, Georgi"]
[Result "1-0"]
[WhiteElo "1500"]
[BlackElo "1661"]
[PlyCount "0"]
[EventDate "2024.03.29"]
[EventRounds "7"]
[EventCountry "ENG"]

1. e4 a6 2. d4 b5 3. Nf3 Bb7 4. Bd3 Nf6 5. e5 Nd5 6. Nc3 e6 7. O-O c5 8. Nxd5 Bxd5
9. Qe2 Nc6 10. c4 bxc4 11. Bxc4 Bxf3 12. Qxf3 Nxd4 13. Qd3 Qb6 14. f4 d5 15. exd6
Bxd6 16. Be3 O-O 17. Bxd4 cxd4 18. f5 e5 19. Kh1 Kh8 20. b3 f6 21. Rf3 Rfe8 22. Rh3
e4 23. Rxh7+  1-0

[Event "4th 4NCL Easter Congress"]
[Site "Holiday Inn Peterborough - West"]
[Date "2024.03.29"]
[Round "1"]
[Board "10"]
[White "Ashworth, Steven M"]
[Black "Saha, Soumil"]
[Result "0-1"]
[WhiteElo "1660"]
[BlackElo "1479"]
[PlyCount "0"]
[EventDate "2024.03.29"]
[EventRounds "7"]
[EventCountry "ENG"]

1. e4 e6 2. d4 d5 3. e5 c5 4. c3 Nc6 5. Nf3 Bd7 6. Bd3 Nge7 7. O-O Rc8 8. Bg5 cxd4
9. cxd4 Nb4 10. Nc3 Nxd3 11. Qxd3 Qb6 12. b3 Nf5 13. Rfc1 Be7 14. Na4 Qd8 15. Rxc8
Bxc8 16. Bxe7 Nxe7 17. Rc1 b6 18. h3 O-O 19. h4 Ng6 20. g3 f5 21. h5 Ne7 22. Nc3
Qe8 23. Kg2 Qxh5 24. Rh1 Qg6 25. Ne2 h6 26. Nf4 Qe8 27. Qd2 Ng6 28. Nxg6 Qxg6 29.
Nh4 Qf7 30. f4 Ba6 31. Nf3 Rc8 32. Rc1 Qd7 33. Nh4 Rxc1 34. Qxc1 Qb5  0-1

[Event "4th 4NCL Easter Congress"]
[Site "Holiday Inn Peterborough - West"]
[Date "2024.03.29"]
[Round "1"]
[Board "11"]
[White "Patel, Parisa"]
[Black "Zajaczkowski, Marek"]
[Result "0-1"]
[WhiteElo "1467"]
[BlackElo "1656"]
[PlyCount "0"]
[EventDate "2024.03.29"]
[EventRounds "7"]
[EventCountry "ENG"]

1. e4 Nf6 2. Nc3 d5 3. e5 Nfd7 4. d4 Nb6 5. Nf3 Nc6 6. Be2 Bf5 7. Be3 e6 8. O-O Be7
9. Qd2 a6 10. a4 Na5 11. b3 O-O 12. h3 Rc8 13. Na2 Nc6 14. Rac1 a5 15. c3 f6 16.
exf6 Bxf6 17. Bg5 e5 18. Bxf6 Qxf6 19. dxe5 Nxe5 20. Nxe5 Qxe5 21. Rfe1 Qf6 22. c4
Qg6 23. cxd5 Bxh3 24. Bf1 Rf5 25. Qd3 Rcf8 26. Qxh3 Nxd5 27. Bd3 Nf4 28. Bc4+ Kh8
29. Qf3 Nxg2 30. Qxg2 Rg5 31. Qxg5 Qxg5+ 32. Kf1 Qh4 33. Rc2 Qh1+ 34. Ke2 Re8+ 35.
Kd3 Qxe1 36. Rc1 Qe2+ 37. Kc3 Qxa2 38. b4 Qa3+  0-1

[Event "4th 4NCL Easter Congress"]
[Site "Holiday Inn Peterborough - West"]
[Date "2024.03.29"]
[Round "1"]
[Board "12"]
[White "Morris, Nigel W"]
[Black "Merrifield, Peter"]
[Result "1-0"]
[WhiteElo "1651"]
[BlackElo "1441"]
[PlyCount "0"]
[EventDate "2024.03.29"]
[EventRounds "7"]
[EventCountry "ENG"]

1. d4 Nf6 2. Nf3 d5 3. e3 Nc6 4. Bd3 Bg4 5. c4 e6 6. a3 Be7 7. Nbd2 O-O 8. b4 dxc4
9. Bxc4 a6 10. Bb2 b5 11. Bb3 Re8 12. Qc2 Qd7 13. Rc1 Na7 14. Qxc7 Red8 15. Qxd7
Rxd7 16. Ne5 Rdd8 17. O-O Rac8 18. Nxg4 Nxg4 19. Ne4 Nf6 20. Nc5 Rd6 21. Rc2 Rdc6
22. Rfc1 Bxc5 23. bxc5 Kf8 24. f3 Ke7 25. e4 Nh5 26. d5 exd5 27. exd5 Rg6 28. Re1+
Kf8 29. Bc1 Nf6 30. Be3 Re8 31. Kf2 Nd7 32. c6  1-0

[Event "4th 4NCL Easter Congress"]
[Site "Holiday Inn Peterborough - West"]
[Date "2024.03.29"]
[Round "1"]
[Board "13"]
[White "Raj Konwar, Daryan"]
[Black "Cheng, Wing"]
[Result "0-1"]
[WhiteElo "1362"]
[BlackElo "1649"]
[PlyCount "0"]
[EventDate "2024.03.29"]
[EventRounds "7"]
[EventCountry "ENG"]

1. c4 Nf6 2. g3 d5 3. Bg2 e5 4. d4 e4 5. Nc3 c6 6. Bg5 Be7 7. Bxf6 Bxf6 8. e3 O-O
9. Nge2 Be6 10. Nf4 Bg5 11. Nxe6 fxe6 12. O-O Nd7 13. h4 Bh6 14. Bh3 Rf6 15. Bg2
Nb6 16. c5 Nd7 17. Qb3 Qc7 18. a4 Raf8 19. Rae1 b6 20. cxb6 Nxb6 21. Rc1 Qb8 22.
a5 Nd7 23. Qxb8 Rxb8 24. Na4 Rb5 25. Rxc6 Rxa5 26. Ra1 e5 27. Rc8+ Rf8 28. Rxf8+
Kxf8 29. Bh3 Nb6 30. b3 exd4 31. exd4 Ke7 32. Kf1 g6 33. Rc1 Bxc1 34. Nc3 Bb2 35.
Ne2 Rb5 36. Kg2 Rxb3 37. Nf4 Bxd4 38. Ne2 Bg7 39. Nf4 a5  0-1

[Event "4th 4NCL Easter Congress"]
[Site "Holiday Inn Peterborough - West"]
[Date "2024.03.29"]
[Round "1"]
[Board "14"]
[White "Loyden, Gary"]
[Black "Poliakov, Andrii"]
[Result "1-0"]
[WhiteElo "1647"]
[BlackElo "1241"]
[PlyCount "0"]
[EventDate "2024.03.29"]
[EventRounds "7"]
[EventCountry "ENG"]

1. c4 e5 2. g3 Nf6 3. Bg2 Bc5 4. Nc3 Nc6 5. Nf3 d6 6. O-O O-O 7. d3 Be6 8. h3 Nd7
9. Na4 a6 10. Nxc5 Nxc5 11. Be3 Nd7 12. a3 f5 13. Ng5 Qe7 14. Nxe6 Qxe6 15. Bd5 Qxd5
16. cxd5 Ne7 17. Qb3 f4 18. gxf4 exf4 19. Bd4 Nf5 20. Qc3 Rac8 21. b4 Rfe8 22. Rae1
Nxd4 23. Qxd4 Rf8 24. f3 Ne5 25. Kh2 Rce8 26. Rg1 Re7 27. Qc3 Ng6 28. Rg4 Rf5 29.
Qc2 Rfe5 30. d4 Re3 31. a4 b6 32. Rgg1 Nh4 33. Rgf1 Rf7 34. Qc6 Nf5 35. Qa8+ Rf8
36. Qxa6 Nxd4 37. Qc4 Nf5 38. Qxc7 Rfe8 39. Rf2 Nd4 40. Qc4 Nxf3+ 41. Rxf3 Rxf3 42.
exf3 Rxe1 43. Qxf4 Re5 44. Qd4 Kf7 45. Qxb6 Rxd5 46. Qb7+ Ke6 47. Qxg7 Rd2+ 48. Kg3
Rd1 49. Qxh7 Kf6 50. Qc7 d5 51. a5 d4 52. Qc2 Ra1 53. Qd3 Ke5 54. a6 Rg1+ 55. Kh4
Kf4 56. Qxd4+ Kxf3 57. Qxg1 Ke2 58. Qg3 Kd2 59. a7 Kc2 60. a8=Q Kd2 61. Qag2+ Kd1
62. Qa3 Ke1 63. Qa1#  1-0

[Event "4th 4NCL Easter Congress"]
[Site "Holiday Inn Peterborough - West"]
[Date "2024.03.29"]
[Round "1"]
[Board "15"]
[White "Graeme, Matthew"]
[Black "Wallman, James"]
[Result "0-1"]
[WhiteElo "1156"]
[BlackElo "1647"]
[PlyCount "0"]
[EventDate "2024.03.29"]
[EventRounds "7"]
[EventCountry "ENG"]

1. e4 e5 2. f4 d6 3. Nf3 Nc6 4. Bc4 h6 5. d4 exd4 6. O-O Bg4 7. Qd3 Nf6 8. Nxd4 Nxd4
9. Qxd4 Be7 10. Nc3 c6 11. Qf2 b5 12. Nxb5 cxb5 13. Bxb5+ Bd7 14. Bd3 O-O 15. e5
dxe5 16. fxe5 Nh7 17. Be3 Qc7 18. Bf4 Bc5 19. Be3 Bxe3 20. Qxe3 Rae8 21. Rfe1 Re7
22. Re2 Rfe8 23. Rae1 Ng5 24. c4 Bg4 25. Rf2 Rxe5  0-1

[Event "4th 4NCL Easter Congress"]
[Site "Holiday Inn Peterborough - West"]
[Date "2024.03.29"]
[Round "1"]
[Board "16"]
[White "Smith, Adam"]
[Black "Hutchinson, Stephen A"]
[Result "1-0"]
[WhiteElo "1646"]
[BlackElo "1135"]
[PlyCount "0"]
[EventDate "2024.03.29"]
[EventRounds "7"]
[EventCountry "ENG"]

1. e4 e5 2. Nf3 Nc6 3. Bb5 a6 4. Ba4 b5 5. Bb3 Bb7 6. d3 Bc5 7. O-O Nf6 8. a3 O-O
9. Ba2 h6 10. b4 Bb6 11. Nbd2 d6 12. c4 bxc4 13. Nxc4 Nd4 14. Nxb6 cxb6 15. Nxd4
exd4 16. Bb2 b5 17. Bxd4 Rc8 18. Re1 Rc7 19. Bb6 Qd7 20. Bxc7 Qxc7 21. Rc1 Qb6 22.
h3 Nd7 23. Qc2 Ne5 24. Qc7 Qxc7 25. Rxc7 Nxd3 26. Re3 Rc8 27. Rxc8+ Bxc8 28. Rxd3
Bb7 29. Bd5 Bxd5 30. Rxd5 g5 31. Rxd6 Kg7 32. Rxa6 f6 33. a4 bxa4 34. Rxa4 Kg6 35.
b5 f5 36. b6 fxe4 37. b7 Kf5 38. b8=Q h5 39. Ra5+ Kg6 40. Qb6+ Kg7 41. Ra7+ Kg8 42.
Qb8#  1-0

[Event "4th 4NCL Easter Congress"]
[Site "Holiday Inn Peterborough - West"]
[Date "2024.03.29"]
[Round "1"]
[Board "18"]
[White "Sartain, Patrick P"]
[Black "Masterson, Desmond"]
[Result "1-0"]
[WhiteElo "1642"]
[BlackElo "1100"]
[PlyCount "0"]
[EventDate "2024.03.29"]
[EventRounds "7"]
[EventCountry "ENG"]

1. e4 e6 2. d4 d5 3. e5 c5 4. c3 a6 5. Nf3 Nc6 6. Be2 cxd4 7. cxd4 Nge7 8. Na3 Nf5
9. Nc2 Bd7 10. O-O Be7 11. a3 O-O 12. b4 b5 13. Ne3 Nxe3 14. Bxe3 Qc7 15. Bg5 Rfe8
16. Bxe7 Rxe7 17. Bd3 Qb6 18. Bc2 a5 19. Qd3 g6 20. bxa5 Nxa5 21. Ng5 Kg7 22. Qf3
Qxd4 23. Qf6+ Kf8 24. Nxh7+ Kg8  1-0

[Event "4th 4NCL Easter Congress"]
[Site "Holiday Inn Peterborough - West"]
[Date "2024.03.29"]
[Round "1"]
[Board "19"]
[White "Gopinath, Krithik"]
[Black "Griffin-Young, Sebastian"]
[Result "0-1"]
[WhiteElo "1100"]
[BlackElo "1576"]
[PlyCount "0"]
[EventDate "2024.03.29"]
[EventRounds "7"]
[EventCountry "ENG"]

1. e4 c5 2. Nf3 Nc6 3. Bc4 e6 4. O-O d5 5. exd5 exd5 6. Bb5 Nf6 7. Ne5 Qc7 8. Re1
Be6 9. d4 Bd6 10. dxc5 Bxe5 11. Bxc6+ bxc6 12. f3 Bxh2+ 13. Kf1 O-O 14. Bg5 Nh5 15.
g4 Rfe8 16. Qe2 Ng3+ 17. Kf2 Nxe2 18. Rxe2 Qg3+ 19. Kf1 Qg1#  0-1

[Event "4th 4NCL Easter Congress"]
[Site "Holiday Inn Peterborough - West"]
[Date "2024.03.29"]
[Round "1"]
[Board "20"]
[White "Llewellyn, Nick"]
[Black "Dhingra, Kanvansh"]
[Result "0-1"]
[WhiteElo "705"]
[BlackElo "1609"]
[PlyCount "0"]
[EventDate "2024.03.29"]
[EventRounds "7"]
[EventCountry "ENG"]

1. d4 e6 2. c3 f5 3. Nf3 Nf6 4. Bg5 Be7 5. Nbd2 d6 6. e3 O-O 7. Bd3 Nc6 8. O-O e5
9. Nc4 e4 10. Bxf6 Bxf6 11. d5 Ne7 12. Be2 exf3 13. Bxf3 Ng6 14. e4 Ne5 15. Nxe5
Bxe5 16. Re1 Qh4  0-1

[Event "4th 4NCL Easter Congress"]
[Site "Holiday Inn Peterborough - West"]
[Date "2024.03.30"]
[Round "2"]
[Board "1"]
[White "Homer, Neil S"]
[Black "Sartain, Patrick P"]
[Result "1-0"]
[WhiteElo "1693"]
[BlackElo "1642"]
[PlyCount "0"]
[EventDate "2024.03.29"]
[EventRounds "7"]
[EventCountry "ENG"]

1. e4 e5 2. Nc3 Bb4 3. Bc4 c6 4. Bb3 Nf6 5. d3 h6 6. Nf3 d6 7. h3 Nbd7 8. O-O Nc5
9. Ne2 Nxb3 10. axb3 Bc5 11. Ng3 g6 12. Bd2 Be6 13. Qe2 Qd7 14. Be3 Bxe3 15. Qxe3
b6 16. Kh2 g5 17. Nd2 Ke7 18. Ra3 d5 19. Rfa1 d4 20. Qe1 h5 21. Nc4 Bxc4 22. bxc4
g4 23. Nf5+ Kf8 24. h4 g3+ 25. fxg3 Ng4+ 26. Kg1 Nh6 27. Nxh6 Rxh6 28. Qf2 Qe7 29.
Rf1 Kg7 30. Raa1 Rd8 31. Qe2 Rdd6 32. Rf3 Rdf6 33. Rxf6 Rxf6 34. Qxh5 Rg6 35. Qf3
Qb4 36. Rf1 Qe7 37. g4 Rh6 38. h5 Rf6 39. Qxf6+ Qxf6 40. Rxf6 Kxf6 41. Kf2 Kg5 42.
Ke2 b5 43. cxb5 cxb5 44. Kd2 b4 45. Kc1 a5 46. Kb1 a4 47. c4 dxc3 48. bxc3 bxc3 49.
Kc2  1-0

[Event "4th 4NCL Easter Congress"]
[Site "Holiday Inn Peterborough - West"]
[Date "2024.03.30"]
[Round "2"]
[Board "2"]
[White "Zajaczkowski, Marek"]
[Black "Dhingra, Kanvansh"]
[Result "0-1"]
[WhiteElo "1656"]
[BlackElo "1609"]
[PlyCount "0"]
[EventDate "2024.03.29"]
[EventRounds "7"]
[EventCountry "ENG"]

1. e4 e6 2. Nf3 d5 3. exd5 exd5 4. b3 Nf6 5. Bb2 Bd6 6. Qe2+ Qe7 7. Bxf6 gxf6 8.
Qxe7+ Kxe7 9. Nc3 c6 10. O-O-O Be6 11. Bd3 Nd7 12. Rde1 Ne5 13. Be2 Kd7 14. h3 Nxf3
15. Bxf3 Be5 16. Na4 b6 17. Nb2 Bd4 18. Re2 Bc5 19. Nd1 a5 20. Nc3 Bd4 21. g4 a4
22. Nxa4 b5 23. c3 Bxf2 24. Rxf2 bxa4 25. b4 Rhc8 26. d4 Rg8 27. Rg1 f5 28. Kd2 fxg4
29. Bxg4 Kd6 30. Rf6 h5 31. Ke3 hxg4 32. hxg4 Ke7 33. Kf4 Kxf6  0-1

[Event "4th 4NCL Easter Congress"]
[Site "Holiday Inn Peterborough - West"]
[Date "2024.03.30"]
[Round "2"]
[Board "3"]
[White "Kilambi, Aahna"]
[Black "Morris, Nigel W"]
[Result "1/2-1/2"]
[WhiteElo "1571"]
[BlackElo "1651"]
[PlyCount "0"]
[EventDate "2024.03.29"]
[EventRounds "7"]
[EventCountry "ENG"]

1. c4 e5 2. Nc3 Nc6 3. g3 g6 4. Bg2 Bg7 5. e3 Nge7 6. Nge2 d6 7. O-O O-O 8. d4 exd4
9. exd4 a5 10. a3 Bf5 11. Bf4 h6 12. h4 Qd7 13. Kh2 Rfd8 14. Qd2 Kh7 15. b3 Rab8
16. a4 b6 17. Rac1 Nb4 18. Ne4 Bxe4 19. Bxe4 f5 20. Bg2 Ng8 21. Nc3 Nf6 22. d5 Na6
23. f3 Nc5 24. Rb1 Na6 25. Ne2 Re8 26. Nd4 Nc5 27. Rfe1 Nh5 28. Rxe8 Rxe8 29. Be3
Nf6  1/2-1/2

[Event "4th 4NCL Easter Congress"]
[Site "Holiday Inn Peterborough - West"]
[Date "2024.03.30"]
[Round "2"]
[Board "4"]
[White "Sahoo, Shivam"]
[Black "Loyden, Gary"]
[Result "1/2-1/2"]
[WhiteElo "1553"]
[BlackElo "1647"]
[PlyCount "0"]
[EventDate "2024.03.29"]
[EventRounds "7"]
[EventCountry "ENG"]

1. f4 d5 2. Nf3 Nf6 3. e3 g6 4. b3 Bg7 5. Bb2 O-O 6. Be2 c5 7. c4 b6 8. cxd5 Nxd5
9. Bxg7 Kxg7 10. Bc4 Nc6 11. O-O Bb7 12. Qc1 Nf6 13. Nc3 Na5 14. Be2 Nc6 15. Qb2
Kg8 16. Bc4 Na5  1/2-1/2

[Event "4th 4NCL Easter Congress"]
[Site "Holiday Inn Peterborough - West"]
[Date "2024.03.30"]
[Round "2"]
[Board "5"]
[White "Wallman, James"]
[Black "Neville, Andy"]
[Result "1-0"]
[WhiteElo "1647"]
[BlackElo "1503"]
[PlyCount "0"]
[EventDate "2024.03.29"]
[EventRounds "7"]
[EventCountry "ENG"]

1. e4 c5 2. c3 Nf6 3. e5 Nd5 4. d4 e6 5. Nf3 Nc6 6. c4 Nb6 7. d5 exd5 8. cxd5 Nb4
9. d6 N6d5 10. a3 Qa5 11. Bd2 Nf4 12. Qb3 b5 13. g3 Bb7 14. gxf4 Qa4 15. Qxa4 bxa4
16. axb4 Bxf3 17. Rg1 Rb8 18. Rxa4 cxb4 19. Rxb4 Rxb4 20. Bxb4 g6 21. Nd2 Bd5 22.
Bc5 a5 23. b3 Bg7 24. Bb6 f6 25. Bxa5 fxe5 26. Bc3 O-O 27. fxe5 Rb8 28. Bc4 Bf7 29.
Bxf7+ Kxf7 30. Ke2 Ke6 31. f4 Rc8 32. Bd4 Bh6 33. Be3 Kf5 34. Rf1 Rc3 35. b4 Rc2
36. b5 Rb2 37. b6 Kg4 38. Rb1 Rxd2+ 39. Bxd2 Bxf4 40. Bxf4 Kxf4 41. b7  1-0

[Event "4th 4NCL Easter Congress"]
[Site "Holiday Inn Peterborough - West"]
[Date "2024.03.30"]
[Round "2"]
[Board "6"]
[White "Saha, Soumil"]
[Black "Smith, Adam"]
[Result "1-0"]
[WhiteElo "1479"]
[BlackElo "1646"]
[PlyCount "0"]
[EventDate "2024.03.29"]
[EventRounds "7"]
[EventCountry "ENG"]

1. d4 Nf6 2. Bg5 e6 3. Nf3 b6 4. e3 Bb7 5. Be2 Bb4+ 6. c3 Be7 7. O-O d6 8. Nbd2 Nbd7
9. b4 h6 10. Bh4 Nd5 11. Bxe7 Qxe7 12. Qb3 O-O 13. a4 c5 14. bxc5 dxc5 15. a5 Rfc8
16. Nc4 cxd4 17. cxd4 Kh8 18. a6 Bc6 19. Nce5 Rab8 20. Rac1 Nxe5 21. Nxe5 Bd7 22.
Bb5 Bxb5 23. Qxb5 Nc3 24. Qd3 Qa3 25. Ra1 Qe7 26. Rfc1 Na2 27. Rcb1 Nc3 28. Rb3 Nd5
29. e4 Nb4 30. Qf3 f6 31. Ng6+ Kh7 32. Nxe7 Nc2 33. Nxc8 Nxa1 34. Rc3 b5 35. e5 b4
36. Rc1 b3 37. Qb7 b2 38. Rb1 Rxb7 39. axb7 Nb3 40. Rxb2  1-0

[Event "4th 4NCL Easter Congress"]
[Site "Holiday Inn Peterborough - West"]
[Date "2024.03.30"]
[Round "2"]
[Board "7"]
[White "Griffin-Young, Sebastian"]
[Black "Vu, Viet"]
[Result "1-0"]
[WhiteElo "1576"]
[BlackElo "1500"]
[PlyCount "0"]
[EventDate "2024.03.29"]
[EventRounds "7"]
[EventCountry "ENG"]

1. c4 e5 2. Nc3 Nf6 3. g3 d5 4. cxd5 Nxd5 5. Bg2 Nxc3 6. bxc3 Nc6 7. d3 Be6 8. Nf3
Qd7 9. Ng5 Bd6 10. Nxe6 Qxe6 11. Rb1 Bc5 12. O-O O-O 13. Rxb7 Bb6 14. Qa4 Na5 15.
Rxb6 cxb6 16. Bxa8 Rxa8 17. Be3 Re8 18. Rb1 f5 19. Bxb6 Rb8 20. Qxa5 axb6 21. Qa4
Qf6 22. Qc4+ Kh8 23. Qc7 Rf8 24. Rxb6 Qg5 25. Qxe5 h5 26. h4 Qc1+ 27. Kg2 f4 28.
Qxh5+ Kg8 29. Qd5+ Kh8 30. Qe4 fxg3 31. f3 Qe1 32. Qe3 Qxc3 33. Kxg3 Qc7+ 34. Kg2
Qd8 35. Rb5 Qxh4 36. Rb1 Qf6 37. Rh1+ Kg8 38. Qe4 Qg5+ 39. Qg4 Qe3 40. Qc4+ Rf7 41.
Qc8+ Rf8 42. Rh8+ Kxh8 43. Qxf8+ Kh7 44. Qf5+ g6 45. Qe4 Qg5+ 46. Kf2 Qc5+ 47. d4
Qa7 48. Qd5 Kh6 49. Qc5 Qxa2 50. d5 Qd2 51. Qe3+ Qxe3+ 52. Kxe3  1-0